Vista normal
Vista MARC
Entrada Topical Term
Número de registros utilizados en: 1
001 - CONTROL NUMBER
- control field: 62522
003 - CONTROL NUMBER IDENTIFIER
- control field: OSt
005 - DATE AND TIME OF LATEST TRANSACTION
- control field: 20250816001404.0
008 - FIXED-LENGTH DATA ELEMENTS
- fixed length control field: 250816|| aca||aabn | a|a d
040 ## - CATALOGING SOURCE
- Original cataloging agency: OSt
- Transcribing agency: OSt
150 ## - HEADING--TOPICAL TERM
- Topical term or geographic name entry element: Protección del medio ambiente
- General subdivision: Investigaciones
- Chronological subdivision: 2018
- Geographic subdivision: Colombia
- Geographic subdivision: Cazucá (Soacha, Cundinamarca, Colombia)
670 ## - SOURCE DATA FOUND
- Source citation: Work cat.: (OSt)58130: Pantoja, Oscar, 1971- 51089, Cazucá /